Milion, Miliard czy Bilion? - Statystyki

Ogólne statystyki
  • Ten quiz został rozwiązany 118 razy
    41 od ostatniego zresetowania
  • Średni wynik to 10 z 16
Statystyki odpowiedzi
Hint Odpowiedź % Poprawnych
Program w Polsacie prowadzony przez Huberta Urbańskiego to _____erzy Milion
89%
Populacja Polski wynosi około 38 _____ów ludzi Milion
81%
Na Ziemi żyje około 8 _____ów ludzi Miliard
76%
Szacuje się, że Ziemia ma około 4,5 ______ów lat Miliard
76%
Seria książek o Harrym Potterze sprzedała się w około 600 _____ach egzemplarzach Milion
76%
Wartość Apple wynosi około 3 _____ów dolarów Bilion
73%
Najbardziej dochodowy film zarobił na całym świecie prawie 3 ____ów dolarów Miliard
73%
Najczęściej oglądany film w YouTube ma około 15 _____ów wyświetleń Miliard
73%
Quizy na JetPunk zostały rozegrane ponad 1 _____ razy Miliard
62%
Dług publiczny USA wynosi około 35 _____ów Bilion
57%
Na Ziemi rośnie około 3 _____ów drzew Bilion
54%
32 lata to około 1 ______ sekund Miliard
54%
Wewnątrz naszego Słońca zmieściłoby się około 64 _____ów Księżyców Milion
54%
Dramat telewizyjny z udziałem Paula Giamattiego: _____ów Miliard
35%
Liczba π została obliczona z dokładnością do 202 _____ów cyfr dziesiętnych Bilion
22%
Szacuje się, że w przeciętnej komórce ludzkiej znajduje się 100 _____ów atomów Bilion
16%
Nie znaleziono quizów pasujących do podanych kryteriów
Rozkład punktacji
Procent ludzi z każdym wynikiem
Percentyl według liczby udzielonych odpowiedzi
Twoja historia wyników
Nie rozwiązałeś tego quizu od ostatniego zresetowania